000 00427 a2200145 4500
005 20250626053557.0
020 _a0-07-320941-4
082 _a302.23 BAR
100 _aBARAN, S. J
245 _aIntroduction to Mass Communication: Media Literacy And Culture,
250 _a4th Ed.
260 _aNew York,
_bMcGraw-Hill Irwin,
_c2006.
300 _axxxvi.; 523p.; picture,
_bGlossary, References & Index,
_c28cm.
942 _2ddc
_cBKS
999 _c5167
_d5167